Open Sandwich Countries Quiz Stats

Quiz not verified by Sporcle

Challenge
Share
Tweet
Embed
Score 0/12 Timer 01:30
0 Plays Today
% Correct
United States
90.2%
Mexico
89%
Canada
88.2%
Panama
73.6%
Panama
73.6%
Honduras
72.4%
Costa Rica
70.9%
Nicaragua
70.9%
Costa Rica
70.9%
Nicaragua
70.9%
Costa Rica
70.9%
Colombia
68.9%

You're not logged in!

Compare scores with friends on all Sporcle quizzes.
Sign Up with Email
OR
Log In

You Might Also Like...

Show Comments

Extras

Top Quizzes Today


Score Distribution

Your Account Isn't Verified!

In order to create a playlist on Sporcle, you need to verify the email address you used during registration. Go to your Sporcle Settings to finish the process.